000 00891nmm a2200277 a 4500
001 ocm0001256789
003 TR-IsHL
005 20201028160419.0
008 150709s2011 tu tur
007 cr cn
020 _a9789753558518
035 _a1256789
_b(N$T)
050 0 4 _aBD418.5
_b.G65 2011
090 0 4 _aBD418.5
_b.G65 2011
100 1 _aGöktaş, Hüseyin Rahmi
245 1 0 _aİlk neden & zihin evreni
_h[electronic resource] /
_cHüseyin Rahmi Göktaş
250 _a2. basım
260 _aİstanbul :
_bİz Yayıncılık,
_c2011
300 _a111 p.
650 4 _aFelsefe, Psikoloji ve Din
650 4 _aPhilosophy, Psychology and Religion
650 0 _aZihin felsefesi
650 0 _aPhilosophy of mind
650 7 _aPHILOSOPHY / Mind & Body
_2bisacsh
856 4 0 _uhttp://search.ebscohost.com/login.aspx?direct=true&scope=site&db=e011xww&AN=1256789
999 _c13588
_d13588